Á lódáil...

Sahithyamanjari/

Sonraí Bibleagrafaíochta
Príomhúdar: Narayana Menon, Vallathol
Formáid: Printed Book
Teanga:Malayalam
Foilsithe: Thrissur: Current Books, 1931
LEADER 00586nam a22001817a 4500
003 OSt
005 20200624134608.0
008 160206b xxu||||| |||| 00| 0 mal d
041 |a mal 
082 |a 851.823 SAH.3 
100 |a Narayana Menon, Vallathol 
245 |a Sahithyamanjari/  |c Vallathol Narayana Menon 
260 |a Thrissur:  |b Current Books,  |c 1931 
300 |a 111p. 
546 |a In Malayalam 
942 |2 ddc  |c BK 
999 |c 326732  |d 326732 
952 |0 0  |1 0  |2 ddc  |4 0  |6 851_823000000000000_SAH_3  |7 0  |9 373269  |a CSC  |b CSC  |c ST1  |d 2016-02-06  |i 7864  |l 0  |o 851.823 SAH.3  |p CSC7864  |r 2016-02-06  |w 2016-02-06  |y BK